Propuestas preliminares de renovación urbana en la colonia el Periodista de la ciudad de Managua, para elevar la calidad ambiental
Presenta la evaluación de los problemas que afectan el medio construido e influyen en la calidad ambiental de la colonia el Periodista a partir de la aplicación de un instrumental de evaluación, realizando y atendiendo a todos los factores que intervienen en su comportamiento, determinando la pro...
| Main Authors: | , |
|---|---|
| Other Authors: | |
| Format: | Tesis Section = Libro |
| Language: | Undetermined Spanish |
| Published: |
Managua
UNI
2011
|
| Subjects: |
| LEADER | 01267nam a2200265Ia 4500 | ||
|---|---|---|---|
| 008 | 240830s9999 xx 000 0 und d | ||
| 040 | |a BIBLIOTECA-RUSB/ T.Mon 711 C754 | ||
| 041 | |a spa | ||
| 082 | |a T.Mon 711 C754 | ||
| 100 | 1 | |a Conrado Lacayo, Jahaira Mercedes | |
| 100 | 1 | |b Mejía Martínez, Arleth Argentina | |
| 245 | 1 | 0 | |a Propuestas preliminares de renovación urbana en la colonia el Periodista de la ciudad de Managua, para elevar la calidad ambiental |
| 260 | |a Managua |b UNI |c 2011 | ||
| 300 | |a 114 p. :il. | ||
| 502 | |a Tesis (Arquitecto) - UNI, 2011. | ||
| 520 | 3 | |a Presenta la evaluación de los problemas que afectan el medio construido e influyen en la calidad ambiental de la colonia el Periodista a partir de la aplicación de un instrumental de evaluación, realizando y atendiendo a todos los factores que intervienen en su comportamiento, determinando la problemática ambiental y propuestas preliminares de renovación en la urbanización. | |
| 650 | 7 | |a URBANISMO | |
| 650 | 7 | |b DESARROLLO URBANO | |
| 650 | 7 | |c GESTIÓN AMBIENTAL | |
| 650 | 7 | |d PLANIFICACIÓN AMBIENTAL | |
| 650 | 7 | |e ARQUITECTURA - PLANOS ARQUTIECTONICOS | |
| 700 | 1 | |a Tutor: |b Gómez Ortega, Graciela Dionides | |
| 942 | |c BK |2 ddc | ||
| 991 | |a TESIS | ||
| 999 | |c 21954 | ||